000 00803nam a22002897a 4500
003 CHAP
005 20220817042643.0
008 971013s1973 r 00010 d
010 _a51145
011 _a52117
035 _a56267
040 _cCHAP
090 _aFolleto 11007
100 0 0 _aWalker, Katherine B.
_9120880
245 _aTerrariums
260 _a(s.l.) :
_bField Enterprises,
_c1973
300 _a12 p.
_b: ilus.
490 _aIndoor gardening
590 _aBATCH-UPD
_b10
_c20130110
_lUCH01
_h0319
590 _aBATCH-UPD
_b10
_c20130110
_lUCH01
_h2042
590 _aCONVERSION
_b10
_c20130109
_lUCH01
_h1328
650 1 4 _aPlantas ornamentales.
830 0 _aIndoor gardening
_957681
901 _aBK
942 _cFOLL
949 _aFolleto 11007
_bBC
_cFOLL
_d-122988
_eTS1
_i56267
_mD
_si
999 _c51145
_d51145